000 00428nam a2200181Ia 4500
005 20240823062711.0
008 240823s9999||||xx |||||||||||||| ||und||
041 _aENGLISH
082 _A519.3 N5
100 _aRao S S
245 0 _aOptimization theory and applications
250 _a2nd
260 _c1995
_b"New Age,New Delhi"
500 _aTRANSFERED
650 _aMATHS
_bMathematics
942 _cBK
999 _c236504
_d236504